000 00394pam a2200157a 44500
008 230405s2006 xxu||||| |||| 00| 0 eng d
041 _aENG
100 _aANTHONY ROBERT A , GOVINDRAJAN VIJAY
245 _aMANAGEMENT CONTROL SYSTEM
250 _a2006
260 _aNULL
_bTATA MACGRAWHILL
_c2006
300 _a851
650 _aMANAGEMENT CONTROL SYSTEM
690 _aMCA
906 _a6313
999 _c287124
_d287124